AMME´15 : the Twenty Second Winter International Scientific Conference on "Achievements in Mechanical and Materials Engineering" WINTER-AMME'2015. Gliwice - Zakopane, Poland, 6th - 9th December 2015

Gespeichert in:
Bibliographische Detailangaben
Körperschaft: Winter-International Scientific Conference Gliwice - Zakopane, Poland (Achievements in Mechanical and Materials Engineering" Winter-AMME`2015)
Format: Tagungsbericht Buch
Sprache:Englisch
Veröffentlicht: Gliwice : OCSCO, 2015
Ausgabe:1st Ed.
Tags: Tag hinzufügen
Keine Tags, Fügen Sie das erste Tag hinzu!

MARC

LEADER 00000nam a22000003a 4500
001 0010376
003 SK-STU
005 20151217132004.4
007 ta
008 151216s ----xo-----e------100-0-----d
020 |a 978-83-63553-39-5 
040 |a STU  |b slo 
041 0 |a eng 
044 |a pl 
111 2 |a Winter-International Scientific Conference  |n 22nd  |d 6.-9.12.2015 :  |c Gliwice - Zakopane, Poland.  |e Achievements in Mechanical and Materials Engineering" Winter-AMME`2015 
245 1 0 |a AMME´15 :  |h [elektronický zdroj] :  |b the Twenty Second Winter International Scientific Conference on "Achievements in Mechanical and Materials Engineering" WINTER-AMME'2015. Gliwice - Zakopane, Poland, 6th - 9th December 2015 
250 |a 1st Ed. 
260 |a Gliwice :  |b OCSCO,  |c 2015 
996 |b 284M084516  |c M* CD-2573  |l MMKN  |s A  |a 24  |w 0010376_0001